[Event "46th Sparkassen Open"]
[Site "Dortmund GER"]
[Date "2018.07.15"]
[Round "2.1"]
[White "Hausrath, Daniel"]
[Black "Heinert, Eugen"]
[Result "1-0"]
[WhiteTitle "GM"]
[WhiteElo "2495"]
[BlackElo "2200"]
[WhiteFideId "4617495"]
[BlackFideId "24621390"]
[EventDate "2018.07.14"]

1. Nf3 d5 2. g3 c6 3. Bg2 Bf5 4. c4 e6 5. b3 Nf6 6. O-O Be7 7. Bb2 O-O 8. d3 h6
9. Nbd2 Nbd7 10. a3 a5 11. Ra2 Re8 12. Qa1 Bf8 13. h3 Qb6 14. Ne5 Nxe5 15. Bxe5
Nd7 16. Bc3 Rad8 17. b4 axb4 18. axb4 Nb8 19. b5 Qc5 20. Rb1 Qe7 21. Ra7 Rd7 22.
Be5 cxb5 23. cxb5 f6 24. Bc3 e5 25. Qa2 Be6 26. d4 Rc8 27. Bb4 Qf7 28. Bxf8 Qxf8
29. Rd1 Qd6 30. dxe5 fxe5 31. Qa1 Qc7 32. Nb3 Qd6 33. Nd2 Qc7 34. Nf1 Bf7 35.
Ne3 Qc5 36. Ng4 Re7 37. Ne3 Na6 38. Nxd5 Rd7 39. Nf6+ gxf6 40. Rxd7 Qxa7 41.
Rxb7 1-0

[Event "46th Sparkassen Open"]
[Site "Dortmund GER"]
[Date "2018.07.15"]
[Round "2.2"]
[White "Steinle, Carsten"]
[Black "Nalbandian, Tigran"]
[Result "0-1"]
[BlackTitle "GM"]
[WhiteElo "2159"]
[BlackElo "2452"]
[WhiteFideId "24676462"]
[BlackFideId "13300245"]
[EventDate "2018.07.14"]

1. Nf3 Nf6 2. g3 d5 3. Bg2 c6 4. d3 Bg4 5. Nbd2 Nbd7 6. O-O e6 7. e4 Bc5 8. Qe2
O-O 9. h3 Bh5 10. c3 dxe4 11. Nxe4 Nxe4 12. Qxe4 e5 13. Nxe5 Re8 14. d4 Bg6 15.
Nxc6 bxc6 16. Qxc6 Rc8 17. Qa4 Bd6 18. Bg5 f6 19. Bd2 Qc7 20. Rfe1 h5 21. Rxe8+
Rxe8 22. Re1 Rxe1+ 23. Bxe1 Nb6 24. Qd1 h4 25. Qg4 Qf7 26. b3 Qe8 27. Bd2 hxg3
28. f4 Be4 29. Qe2 Bc6 30. Qxe8+ Bxe8 31. c4 Nd7 32. Bc6 Kf8 33. Kg2 f5 34. Kxg3
Nf6 35. Bb7 g5 36. Kf3 Bh5+ 37. Kf2 gxf4 38. c5 Bc7 39. Bf3 Ne4+ 40. Bxe4 fxe4
41. d5 Be5 42. Kf1 e3 43. Be1 f3 44. b4 Bf7 0-1

[Event "46th Sparkassen Open"]
[Site "Dortmund GER"]
[Date "2018.07.15"]
[Round "2.3"]
[White "Kashlinskaya, Alina"]
[Black "Baerwolf, Steven"]
[Result "1/2-1/2"]
[WhiteTitle "IM"]
[WhiteElo "2435"]
[BlackElo "2172"]
[WhiteFideId "4198026"]
[BlackFideId "24658634"]
[EventDate "2018.07.14"]

1. e4 b6 2. d4 Bb7 3. Bd3 e6 4. Nf3 c5 5. c3 Nf6 6. Nbd2 cxd4 7. cxd4 Ba6 8.
Bxa6 Nxa6 9. O-O Be7 10. Qe2 Nb4 11. d5 exd5 12. e5 Ne4 13. Nxe4 dxe4 14. Qxe4
O-O 15. a3 Na6 16. b4 d5 17. Qd3 Nc7 18. Nd4 Qd7 19. Nf5 Rfd8 20. Bb2 Bf8 21. f4
a5 22. Kh1 axb4 23. axb4 Rxa1 24. Bxa1 Qb5 25. Qf3 Qxb4 26. Qg3 Kh8 27. Nd6 Bxd6
28. exd6 Ne8 29. Qe3 Qxd6 30. Re1 Nf6 31. Bxf6 gxf6 32. Qd4 Kg7 33. f5 Qc5 34.
Qg4+ Kh8 35. Qh4 Qc3 36. h3 Rg8 37. Re7 Qc1+ 38. Kh2 Qb2 39. Re2 Qc3 40. Re7 Qb2
41. Re2 Qc3 42. Re7 Rg5 43. Rxf7 Qe5+ 1/2-1/2

[Event "46th Sparkassen Open"]
[Site "Dortmund GER"]
[Date "2018.07.15"]
[Round "2.4"]
[White "Savchenko, Daniel"]
[Black "Jugelt, Tobias"]
[Result "0-1"]
[BlackTitle "IM"]
[WhiteElo "2165"]
[BlackElo "2417"]
[WhiteFideId "12919195"]
[BlackFideId "4626150"]
[EventDate "2018.07.14"]

1. e4 g6 2. h4 d5 3. exd5 Qxd5 4. Nc3 Qa5 5. d4 Bg7 6. h5 c5 7. Be3 Nc6 8. Bb5
Bd7 9. Ne2 a6 10. Bc4 cxd4 11. Nxd4 Qb4 12. Bxf7+ Kxf7 13. Qf3+ Nf6 14. Rh4 Qxb2
15. Kd2 Ne5 0-1

[Event "46th Sparkassen Open"]
[Site "Dortmund GER"]
[Date "2018.07.15"]
[Round "2.5"]
[White "Luft, Dennis"]
[Black "Melde, Benjamin"]
[Result "1-0"]
[WhiteElo "2322"]
[BlackElo "2108"]
[WhiteFideId "24623717"]
[BlackFideId "12958816"]
[EventDate "2018.07.14"]

1. e4 c5 2. Be2 Nc6 3. f4 g6 4. Nf3 Bg7 5. d3 Nf6 6. c3 c4 7. e5 cxd3 8. Qxd3
Ng4 9. O-O d6 10. exd6 Qb6+ 11. Kh1 Bf5 12. Qb5 Qxb5 13. Bxb5 exd6 14. h3 Nf6
15. Nd4 Bd7 16. Re1+ Kd8 17. Nf3 Re8 18. Rxe8+ Bxe8 19. Na3 Kc7 20. Bd2 Bd7 21.
Bc4 Be6 22. Ng5 d5 23. Bd3 Ne7 24. Nb5+ Kd7 25. Nd4 Ne4 26. Bxe4 Bxd4 27. cxd4
dxe4 28. Nxe4 Rc8 29. Nc5+ Kd6 30. Nxb7+ Kd5 31. Bc3 Nf5 32. Rd1 Ng3+ 33. Kh2
Ne2 34. Nc5 Nxf4 35. Re1 Kc4 36. Re4 Nd5 37. Nxe6 fxe6 38. Rxe6 Nxc3 39. bxc3
Kxc3 40. Re7 Kxd4 41. Rxa7 Rc2 42. Rxh7 Rxa2 43. Re7 Kd5 44. Kg3 Ra6 45. Kf4
Ra4+ 46. Kg5 Ra3 47. g4 Rxh3 48. Kxg6 Kd6 49. Re1 Rg3 50. g5 Rg2 51. Kf6 Rf2+
52. Kg7 Rg2 53. g6 Rg3 54. Kf7 Rg2 55. g7 Rf2+ 56. Kg8 Ra2 57. Rh1 1-0

[Event "46th Sparkassen Open"]
[Site "Dortmund GER"]
[Date "2018.07.15"]
[Round "2.6"]
[White "Kueppers, Timo"]
[Black "Zatonskih, V."]
[Result "1-0"]
[BlackTitle "FM"]
[WhiteElo "2178"]
[BlackElo "2323"]
[WhiteFideId "16205820"]
[BlackFideId "14102161"]
[EventDate "2018.07.14"]

1. c4 f5 2. g3 Nf6 3. Bg2 e6 4. Nf3 Be7 5. O-O O-O 6. b3 d6 7. d4 a5 8. Bb2 Qe8
9. Qc2 Qh5 10. Nbd2 Nc6 11. a3 d5 12. e3 Bd6 13. Ne1 g5 14. Nd3 Rf7 15. Bc3 Rg7
16. b4 f4 17. c5 fxe3 18. cxd6 exd2 19. dxc7 axb4 20. axb4 Rxa1 21. Rxa1 Rxc7
22. Bxd2 Ne8 23. Qb2 Nd6 24. Be3 Qg6 25. Bf1 Nc4 26. Qc1 h6 27. b5 Ne7 28. Ne5
Qe8 29. b6 Rc6 30. Nxc6 Qxc6 31. Rb1 Bd7 32. Bd3 Nf5 33. Qe1 Qd6 34. Qe2 Ncxe3
35. fxe3 Nxg3 36. hxg3 Qxg3+ 37. Kf1 e5 38. Qf2 Qh3+ 39. Ke2 e4 40. Bb5 1-0

[Event "46th Sparkassen Open"]
[Site "Dortmund GER"]
[Date "2018.07.15"]
[Round "2.7"]
[White "Webb, Laurence E"]
[Black "Naidich, Vasily"]
[Result "1-0"]
[WhiteTitle "FM"]
[WhiteElo "2306"]
[BlackElo "2088"]
[WhiteFideId "402389"]
[BlackFideId "13901281"]
[EventDate "2018.07.14"]

1. d4 Nf6 2. c4 e6 3. Nc3 Bb4 4. Bg5 c5 5. d5 d6 6. e3 exd5 7. cxd5 Nbd7 8. Bd3
Qa5 9. Ne2 Nxd5 10. O-O Bxc3 11. bxc3 c4 12. Bc2 O-O 13. Bh4 Qc5 14. Qd2 Ne5 15.
e4 Nf6 16. Bxf6 gxf6 17. Ng3 Nd3 18. Bxd3 cxd3 19. Qxd3 Be6 20. Rfd1 Rac8 21.
Rac1 Rfd8 22. h3 Qg5 23. Rb1 Rd7 24. Rb5 Rc5 25. Rxc5 dxc5 26. Qe2 Rxd1+ 27.
Qxd1 Kg7 28. Nh5+ Kh6 29. g4 c4 30. Kg2 Qe5 31. Qd2+ Kg6 32. Ng3 Qc7 33. f4 Bc8
34. f5+ Kg7 35. Nh5+ Kf8 36. Qh6+ Ke8 37. Nxf6+ 1-0

[Event "46th Sparkassen Open"]
[Site "Dortmund GER"]
[Date "2018.07.15"]
[Round "2.8"]
[White "Rendboe, John Filip"]
[Black "Heck, Norbert"]
[Result "1/2-1/2"]
[WhiteTitle "FM"]
[BlackTitle "FM"]
[WhiteElo "2109"]
[BlackElo "2227"]
[WhiteFideId "1403664"]
[BlackFideId "4622928"]
[EventDate "2018.07.14"]

1. d4 g6 2. g3 Bg7 3. Bg2 d5 4. Nf3 Nf6 5. O-O O-O 6. c4 c6 7. b3 Bf5 8. Nc3 Ne4
9. Bb2 Nxc3 10. Bxc3 Be4 11. Rc1 Nd7 12. Qd2 Nf6 13. Rfd1 Re8 14. Bb2 Qb6 15. c5
Qc7 16. a3 Nd7 17. Bh3 Bxf3 18. exf3 e5 19. dxe5 Nxe5 20. Bg2 Qd8 21. Bd4 Nd7
22. f4 a5 23. Re1 Rxe1+ 24. Rxe1 Qf8 25. b4 axb4 26. axb4 Bxd4 27. Qxd4 Re8 28.
Re3 Re7 29. f5 f6 1/2-1/2

[Event "46th Sparkassen Open"]
[Site "Dortmund GER"]
[Date "2018.07.15"]
[Round "2.9"]
[White "Kartsev, Soel"]
[Black "Nalbandyan, Vahan"]
[Result "1-0"]
[WhiteElo "2222"]
[BlackElo "1848"]
[WhiteFideId "4130561"]
[BlackFideId "13309439"]
[EventDate "2018.07.14"]

1. e4 e5 2. Nf3 Nc6 3. Bb5 Nf6 4. d3 Bc5 5. c3 O-O 6. O-O Re8 7. Nbd2 a6 8. Ba4
b5 9. Bb3 h6 10. h3 d6 11. Re1 Ba7 12. Nf1 Na5 13. Bc2 c5 14. Ng3 Nc6 15. Be3 b4
16. Ba4 Bd7 17. Nf5 bxc3 18. bxc3 Ne7 19. N3h4 Ng6 20. Bxd7 Qxd7 21. Qf3 Nxh4
22. Nxh4 Qe6 23. c4 Nh7 24. Nf5 Reb8 25. g4 Nf8 26. Kh2 g6 27. Rg1 Rb6 28. Qg3
Bb8 29. Qh4 gxf5 30. exf5 Qe7 31. Qh5 1-0

[Event "46th Sparkassen Open"]
[Site "Dortmund GER"]
[Date "2018.07.15"]
[Round "2.10"]
[White "Gallasch, Jonas"]
[Black "Borchert, Rene"]
[Result "1-0"]
[WhiteElo "1903"]
[BlackElo "2216"]
[WhiteFideId "16222474"]
[BlackFideId "12990671"]
[EventDate "2018.07.14"]

1. Nf3 d5 2. c4 e6 3. d4 Nf6 4. Nc3 Be7 5. Bg5 c6 6. e3 Nbd7 7. Be2 O-O 8. O-O
h6 9. Bh4 dxc4 10. Bxc4 b5 11. Bd3 Bb7 12. Rc1 a6 13. Qe2 c5 14. Rfd1 c4 15. Bb1
Rc8 16. Ne5 Nxe5 17. dxe5 Nd7 18. Bg3 Qc7 19. Qh5 Rfd8 20. Rd4 Nc5 21. Rg4 Qc6
22. Bf4 f5 23. exf6 Bxf6 24. Qxh6 Bxc3 25. bxc3 Qd7 26. Qh7+ Kf8 27. Qh8+ 1-0

[Event "46th Sparkassen Open"]
[Site "Dortmund GER"]
[Date "2018.07.15"]
[Round "2.12"]
[White "Puetter, Pascal"]
[Black "Wagner, Alexej"]
[Result "0-1"]
[WhiteElo "2002"]
[BlackElo "2313"]
[WhiteFideId "1271567"]
[BlackFideId "4129555"]
[EventDate "2018.07.14"]

1. d4 Nf6 2. c4 e6 3. g3 d5 4. Nf3 Nbd7 5. Bg2 dxc4 6. O-O c5 7. Qa4 a6 8. Qxc4
b5 9. Qc2 Bb7 10. a4 Rc8 11. axb5 axb5 12. Nbd2 Qb6 13. Nb3 cxd4 14. Qd2 e5 15.
Qa5 Bd6 16. e3 Qxa5 17. Rxa5 dxe3 18. Bxe3 Bc6 19. Rc1 O-O 20. Ra6 Nb8 21. Rb6
Nfd7 22. Rbxc6 Rxc6 23. Rd1 Bc7 24. Ng5 Rd6 25. Rc1 Bb6 26. Bd2 Rd3 27. Nxh7
Rxb3 28. Nxf8 Nxf8 29. Bc3 b4 30. Bxe5 Nbd7 31. Bd6 Rxb2 32. Bh3 Rxf2 33. Kh1 b3 0-1

[Event "46th Sparkassen Open"]
[Site "Dortmund GER"]
[Date "2018.07.15"]
[Round "2.13"]
[White "Biermann, Lenhard"]
[Black "Boehm, Juergen2"]
[Result "1/2-1/2"]
[WhiteElo "2051"]
[BlackElo "2233"]
[WhiteFideId "12970077"]
[BlackFideId "4606434"]
[EventDate "2018.07.14"]

1. d4 d5 2. c4 c6 3. Nf3 Nf6 4. Qc2 dxc4 5. Qxc4 Bf5 6. Nc3 e6 7. g3 Nbd7 8. Bg2
Be7 9. O-O O-O 10. Re1 Ne4 11. e3 h6 12. Qe2 Bb4 13. Bd2 Nxd2 14. Nxd2 e5 15.
Qc4 exd4 16. Qxb4 dxc3 17. Qxc3 Qe7 18. e4 Be6 19. Nb3 Bxb3 20. axb3 Rfd8 21.
Rad1 Nc5 22. Qc4 Ne6 23. b4 a6 24. h4 Rxd1 25. Rxd1 Rd8 26. Rxd8+ Qxd8 27. Bh3
Qd6 28. Bxe6 fxe6 29. Kg2 Kf7 30. Qc5 Qd2 1/2-1/2

[Event "46th Sparkassen Open"]
[Site "Dortmund GER"]
[Date "2018.07.15"]
[Round "2.14"]
[White "Windfuhr, Thomas"]
[Black "Spickermann, Sven"]
[Result "0-1"]
[WhiteElo "2231"]
[BlackElo "2007"]
[WhiteFideId "4658477"]
[BlackFideId "16248767"]
[EventDate "2018.07.14"]

1. d4 d5 2. Nf3 Nf6 3. Bf4 e6 4. e3 c5 5. Bb5+ Bd7 6. Bxd7+ Qxd7 7. O-O Nc6 8.
Ne5 Nxe5 9. dxe5 Ne4 10. h3 c4 11. b3 cxb3 12. axb3 Bc5 13. Qd3 f6 14. c4 Rd8
15. Rd1 O-O 16. Nc3 Nxf2 17. Kxf2 fxe5 18. Ke2 exf4 19. cxd5 Bxe3 20. d6 e5 21.
Qd5+ Rf7 22. Ne4 h6 23. Ra4 Bd4 24. Rc4 a6 25. Rc7 Qb5+ 26. Qxb5 axb5 27. Rxf7
Kxf7 28. Rc1 Ke6 29. Rc7 Rd7 30. Kf3 Rxc7 31. dxc7 Kd7 32. Nd6 Kxc7 33. Nxb5+
Kc6 34. Na3 Kc5 35. Nc2 Kd5 36. Nb4+ Ke6 37. Ke4 g5 38. Nd3 h5 39. Ne1 g4 40.
hxg4 hxg4 41. Nd3 b6 42. Ne1 Bc3 43. Nc2 f3 44. gxf3 gxf3 45. Kxf3 Kd5 46. Ke3
Bd4+ 47. Kd3 e4+ 48. Kd2 Bf6 49. Nb4+ Ke5 50. Nc6+ Kf4 51. Ke2 e3 52. Nb4 Ke4
53. Nc2 Bg5 54. b4 Bh6 55. b5 Bf4 56. Nb4 Kd4 57. Nd3 Bg5 58. Nb4 Kc5 59. Nc2
Kxb5 60. Kd3 Ka4 61. Kc4 b5+ 62. Kc3 Ka5 63. Kd3 Kb6 64. Nd4 Bh6 65. Nf5 Bg5 66.
Nd4 Be7 67. Nc2 Bc5 68. Na1 Ka5 69. Nb3+ Kb4 70. Nc1 Bf8 71. Ne2 Bh6 72. Nd4 Ka4
73. Kc2 b4 74. Ne2 Ka3 75. Kb1 Kb3 76. Ng3 Kc3 77. Ne2+ Kd2 0-1

[Event "46th Sparkassen Open"]
[Site "Dortmund GER"]
[Date "2018.07.15"]
[Round "2.15"]
[White "Topolewski, Dirk"]
[Black "Boesel, Alexander"]
[Result "1/2-1/2"]
[WhiteElo "2192"]
[BlackElo "1994"]
[WhiteFideId "4651600"]
[BlackFideId "4623185"]
[EventDate "2018.07.14"]

1. d4 Nf6 2. Nf3 g6 3. c4 Bg7 4. Nc3 O-O 5. Bg5 d6 6. Qd2 c5 7. d5 Qb6 8. e4 e6
9. Be2 exd5 10. exd5 Bf5 11. O-O Ne4 12. Nxe4 Bxe4 13. Bd3 Bxd3 14. Qxd3 Nd7 15.
Rab1 Rfe8 16. b3 Ne5 17. Nxe5 Rxe5 18. Bf4 Re7 19. Bg5 Re5 20. Bd2 Rae8 21. Rbe1
Qd8 22. g3 R8e7 1/2-1/2

[Event "46th Sparkassen Open"]
[Site "Dortmund GER"]
[Date "2018.07.15"]
[Round "2.16"]
[White "Mroczek, Mathias"]
[Black "Fuhlrott, Tim"]
[Result "1-0"]
[WhiteElo "2140"]
[BlackElo "1958"]
[WhiteFideId "4643836"]
[BlackFideId "16222431"]
[EventDate "2018.07.14"]

1. Nf3 f5 2. g3 Nf6 3. Bg2 d6 4. d4 g6 5. b3 Bg7 6. O-O O-O 7. Bb2 Qe8 8. c4 Nc6
9. d5 Nd8 10. Qc2 e5 11. dxe6 Nxe6 12. Nc3 f4 13. Nd5 fxg3 14. hxg3 Nxd5 15.
cxd5 Bxb2 16. Qxb2 Nc5 17. Rac1 a5 18. a3 Bg4 19. b4 axb4 20. axb4 Bxf3 21. Bxf3
Qb5 22. Bg4 h5 23. Qc2 Kg7 24. Bxh5 gxh5 25. bxc5 Rae8 26. cxd6 cxd6 27. e4 Rf7
28. Qd2 Re5 29. Qd4 Qe2 30. Rce1 Qg4 31. Re3 Rf3 32. Rb1 Rf7 33. Rb6 Kh7 34.
Rxd6 Ref5 35. f4 Rxf4 36. Qd3 Rf1+ 37. Qxf1 Rxf1+ 38. Kxf1 h4 39. Kg2 hxg3 40.
Re6 Qd1 41. Kxg3 Qg1+ 42. Kf4 Qh2+ 43. Kg4 Qg2+ 44. Rg3 Qe2+ 45. Rf3 Qg2+ 46.
Kf4 Qd2+ 47. Kf5 Qg2 48. Rb3 Qf2+ 49. Ke5 Qh2+ 50. Kd4 Qf2+ 51. Kc4 Qc2+ 52. Kb4
b5 53. Rh3+ Kg7 54. Kxb5 Qb1+ 55. Kc6 Qc1+ 56. Kd7 Qc4 57. Rg3+ Kh7 58. d6 Qb5+
59. Ke7 Qb8 60. d7 Qb4+ 61. Kf7 Qd2 62. Rh3+ 1-0

[Event "46th Sparkassen Open"]
[Site "Dortmund GER"]
[Date "2018.07.15"]
[Round "2.17"]
[White "Oezen, Alf"]
[Black "Irkilmez, Yakub"]
[Result "1/2-1/2"]
[WhiteElo "1911"]
[BlackElo "2126"]
[WhiteFideId "12985430"]
[BlackFideId "16204581"]
[EventDate "2018.07.14"]

1. e4 e6 2. d3 d5 3. Nd2 Nf6 4. g3 g6 5. Bg2 Bg7 6. Ngf3 O-O 7. e5 Nfd7 8. d4 c5
9. c3 Nc6 10. Nf1 cxd4 11. cxd4 f6 12. exf6 Nxf6 13. Ne3 Ne4 14. O-O b6 15. Ng4
Ba6 16. Re1 h5 17. Nge5 Nxe5 18. dxe5 Rc8 19. Be3 Qe8 20. Rc1 Rxc1 21. Qxc1 Qf7
22. Bd4 Rc8 23. Qe3 Rc2 24. Qb3 Rc8 25. Qe3 Kh7 26. Qxe4 dxe4 27. Ng5+ Kg8 28.
Nxf7 Kxf7 29. Bxe4 Rc4 30. Bc3 g5 31. f3 Bf8 32. Rd1 Rc7 33. Rd8 Bc5+ 34. Kg2
Kg7 35. Bd2 Be7 36. Rd4 Bc5 37. Rd8 Be7 38. Rd4 Bc5 39. Rd8 Be7 40. Rd4 1/2-1/2

[Event "46th Sparkassen Open"]
[Site "Dortmund GER"]
[Date "2018.07.15"]
[Round "2.18"]
[White "Elier, Ali"]
[Black "Hoppe, Thilo"]
[Result "0-1"]
[WhiteElo "1888"]
[BlackElo "2107"]
[WhiteFideId "16217543"]
[BlackFideId "16219627"]
[EventDate "2018.07.14"]

1. e4 c5 2. d4 cxd4 3. c3 dxc3 4. Nxc3 Nc6 5. Nf3 d6 6. Bc4 e6 7. O-O Nf6 8. Qe2
Be7 9. Rd1 e5 10. b4 Bg4 11. Be3 O-O 12. a3 a6 13. Rac1 Rc8 14. Bb3 b5 15. h3
Bh5 16. g4 Bg6 17. Qd3 Qd7 18. Nh4 Rfd8 19. Nxg6 hxg6 20. Bb6 Rf8 21. Bc5 dxc5
22. Qxd7 Nxd7 23. Rxd7 Bg5 24. Rcd1 Nd4 25. Ba2 cxb4 26. Nd5 b3 27. Bb1 b2 28.
f4 Rc1 0-1

[Event "46th Sparkassen Open"]
[Site "Dortmund GER"]
[Date "2018.07.15"]
[Round "2.19"]
[White "Liedmann, Dennis"]
[Black "Pahl, Theis"]
[Result "1-0"]
[WhiteElo "2088"]
[BlackElo "1959"]
[WhiteFideId "24671312"]
[BlackFideId "16201264"]
[EventDate "2018.07.14"]

1. d4 Nf6 2. Nf3 g6 3. Bf4 Bg7 4. e3 d6 5. Be2 O-O 6. h3 c5 7. O-O Nc6 8. c3
cxd4 9. exd4 Qc7 10. Na3 e5 11. Bh2 Rd8 12. Re1 Bf5 13. Nc4 Nd5 14. Qb3 Be6 15.
Ng5 Bf5 16. Bf3 Nb6 17. Ne3 h6 18. Nxf5 gxf5 19. Bxc6 hxg5 20. Bb5 e4 21. a4
Rac8 22. a5 Nc4 23. Ra4 Nxa5 24. Qd5 a6 25. Bxa6 Nc6 26. Bc4 Qd7 27. Bb3 Bf6 28.
g4 fxg4 29. Qxe4 Re8 30. Qg6+ Bg7 31. Rxe8+ Rxe8 32. hxg4 Qxg4+ 33. Bg3 Qf3 34.
Kh2 d5 35. Qxg5 Ne7 36. Ra5 b6 37. Bxd5 Nxd5 38. Qxd5 Re4 39. Qf5 Qxf5 40. Rxf5
Bxd4 41. cxd4 Rxd4 42. Rb5 Kf8 43. Rxb6 Ke7 44. b4 Kd7 45. Kh3 Kc8 46. Rb8+ Kd7
47. b5 Rb4 48. b6 Kc6 49. Bc7 Kd7 50. Rd8+ Ke6 51. Rd6+ Ke7 52. Rd3 Ke6 53. f4
Rb1 54. Kg4 Rb4 55. Rd6+ Ke7 56. Rd5 Ke6 57. Re5+ Kd7 58. Kg5 Rb1 59. Kf6 Rf1
60. Rb5 1-0

[Event "46th Sparkassen Open"]
[Site "Dortmund GER"]
[Date "2018.07.15"]
[Round "2.20"]
[White "Schulz, Daniel"]
[Black "Alghawi, Abdullah"]
[Result "1-0"]
[WhiteElo "2078"]
[BlackElo "1916"]
[WhiteFideId "12960349"]
[BlackFideId "16259254"]
[EventDate "2018.07.14"]

1. d4 Nf6 2. c4 g6 3. g3 Bg7 4. Bg2 O-O 5. Nf3 d6 6. O-O Nbd7 7. Nc3 e5 8. e4
exd4 9. Nxd4 Re8 10. h3 Nc5 11. Re1 a5 12. Nb3 Ne6 13. Be3 h6 14. Qc2 a4 15. Nd4
Ng4 16. hxg4 Nxd4 17. Qd2 Nc6 18. Bxh6 Bxg4 19. Bxg7 Kxg7 20. f3 Be6 21. Nd5 Rh8
22. Qc3+ f6 23. Rad1 Ne5 24. c5 Bh3 25. Nf4 Qd7 26. Nxh3 Rxh3 27. cxd6 cxd6 28.
f4 Rc8 29. Qe3 Nc4 30. Bxh3 Qxh3 31. Qf2 Rh8 32. Qg2 Qg4 33. Rd3 Qc8 34. Qf2 Qh3
35. Qg2 Qc8 36. b3 Qc5+ 37. Kf1 axb3 38. axb3 Nb2 39. Rd2 Qb5+ 40. Qe2 Qb6 41.
Rxb2 Qd4 42. Rc2 Qb6 43. Rec1 Rh1+ 44. Kg2 Rxc1 45. Rxc1 Qxb3 46. Rd1 Qb4 47. e5
fxe5 48. fxe5 1-0

[Event "46th Sparkassen Open"]
[Site "Dortmund GER"]
[Date "2018.07.15"]
[Round "2.21"]
[White "Schroeder, Joerg"]
[Black "Conrad, Joachim"]
[Result "1-0"]
[WhiteElo "1970"]
[BlackElo "2078"]
[WhiteFideId "24635677"]
[BlackFideId "24623083"]
[EventDate "2018.07.14"]

1. Nf3 d6 2. c4 Nd7 3. Nc3 e5 4. d3 Ngf6 5. g3 a5 6. Bg2 Be7 7. O-O O-O 8. b3
Nc5 9. Qc2 Bd7 10. Bb2 Bc6 11. e4 Nh5 12. d4 exd4 13. Nxd4 Bd7 14. Nd5 Nf6 15.
Nxe7+ Qxe7 16. Rfe1 Rab8 17. e5 dxe5 18. Nf5 Bxf5 19. Qxf5 Qd7 20. Rxe5 Qxf5 21.
Rxf5 Nfd7 22. Rd1 Rbd8 23. Ba3 b6 24. Rfd5 1-0

[Event "46th Sparkassen Open"]
[Site "Dortmund GER"]
[Date "2018.07.15"]
[Round "2.22"]
[White "Biermann, Florian"]
[Black "Oparaugo, Thomas"]
[Result "1-0"]
[BlackTitle "IM"]
[WhiteElo "2004"]
[BlackElo "2064"]
[WhiteFideId "12970069"]
[BlackFideId "8500207"]
[EventDate "2018.07.14"]

1. c4 f5 2. g3 Nf6 3. Bg2 g6 4. Nc3 Bg7 5. d3 O-O 6. e4 d6 7. Nge2 Nc6 8. O-O e5
9. Nd5 Ne7 10. Bg5 c6 11. Nxf6+ Bxf6 12. Bxf6 Rxf6 13. d4 Be6 14. d5 cxd5 15.
exf5 gxf5 16. cxd5 Bf7 17. Qd2 Kh8 18. Rfc1 Rg6 19. Rc2 Rc8 20. Rxc8 Qxc8 21.
Rc1 Qd7 22. Qd3 Rg8 23. f4 b6 24. fxe5 dxe5 25. Qc3 Ng6 26. Nf4 Re8 27. Nh5 Qa4
28. Nf6 Rd8 29. Qc7 Rf8 30. d6 Qd4+ 31. Kh1 e4 32. Nd7 Rg8 33. Nb8 Ne5 34. d7
Nd3 35. Qc3 Nf2+ 36. Kg1 Nh3+ 37. Kf1 Bc4+ 38. Ke1 Qxc3+ 39. Rxc3 Be6 40. Rc6
Ng5 41. Rd6 Rd8 42. h4 1-0

[Event "46th Sparkassen Open"]
[Site "Dortmund GER"]
[Date "2018.07.15"]
[Round "2.23"]
[White "Mueller, Frank3"]
[Black "Oltmanns, Jan"]
[Result "1-0"]
[WhiteElo "2067"]
[BlackElo "1959"]
[WhiteFideId "24681318"]
[BlackFideId "16251318"]
[EventDate "2018.07.14"]

1. e4 Nf6 2. e5 Nd5 3. d4 d6 4. Nf3 dxe5 5. Nxe5 c6 6. Bc4 Be6 7. Qe2 Nd7 8. Nf3
g6 9. O-O Bg7 10. Re1 O-O 11. c3 b5 12. Bb3 h6 13. Bc2 Bf5 14. Bxf5 gxf5 15. Ne5
Qc7 16. Qh5 f4 17. Nd2 N7f6 18. Qh4 c5 19. Ndf3 Rae8 20. Nd3 cxd4 21. cxd4 Qb6
22. Nxf4 Nxf4 23. Bxf4 Nd5 24. Be5 e6 25. Bxg7 Kxg7 26. Ne5 Nb4 27. Re4 Nc6 28.
Rg4+ Kh7 29. Qf6 1-0

[Event "46th Sparkassen Open"]
[Site "Dortmund GER"]
[Date "2018.07.15"]
[Round "2.24"]
[White "Wilde, Justin"]
[Black "Buechle, Manfred"]
[Result "1-0"]
[WhiteElo "1930"]
[BlackElo "2037"]
[WhiteFideId "16236033"]
[BlackFideId "4659368"]
[EventDate "2018.07.14"]

1. d4 d5 2. c4 e6 3. Nf3 Nf6 4. Nc3 Be7 5. Bf4 a6 6. e3 O-O 7. Qc2 c6 8. Bd3 h6
9. c5 Nbd7 10. O-O Nh5 11. b4 Nxf4 12. exf4 Qc7 13. Ne5 Nxe5 14. fxe5 f6 15. f4
fxe5 16. fxe5 Bd7 17. a4 Bg5 18. Qe2 Rxf1+ 19. Rxf1 Rf8 20. Bh7+ Kxh7 21. Rxf8
Bc8 22. Qd3+ g6 23. Qf3 Kg7 24. a5 1-0

[Event "46th Sparkassen Open"]
[Site "Dortmund GER"]
[Date "2018.07.15"]
[Round "2.25"]
[White "Groneberg, Joerg"]
[Black "Kracht, Raphael"]
[Result "0-1"]
[WhiteElo "2034"]
[BlackElo "1900"]
[WhiteFideId "12941638"]
[BlackFideId "16214382"]
[EventDate "2018.07.14"]

1. d4 Nf6 2. Nf3 e6 3. c4 Bb4+ 4. Bd2 c5 5. Nc3 cxd4 6. Nxd4 Nc6 7. Nc2 Be7 8.
e4 d5 9. exd5 exd5 10. Bg5 d4 11. Bxf6 Bxf6 12. Nd5 O-O 13. Be2 d3 14. Bxd3 Bxb2
15. Rb1 Re8+ 16. Nce3 Bd4 17. O-O Bxe3 18. Nxe3 Ne5 19. Be4 Qc7 20. Bd5 Rb8 21.
Qa4 Nc6 22. Bxc6 bxc6 23. Rxb8 Qxb8 24. Qxc6 Be6 25. a4 Rc8 26. Qb5 Qxb5 27.
cxb5 Bb3 28. Ra1 Kf8 29. Kf1 Ke7 30. Nf5+ Kf6 31. Nd4 Bd5 32. Ra3 Rc1+ 33. Ke2
Bxg2 34. f3 Rc7 35. a5 Bh3 36. Nc6 Bd7 37. Nd4 Rb7 38. Rb3 Ke5 39. Kd3 Kd5 40.
Rb4 f6 41. Kc3 g5 42. Rb2 Rc7+ 43. Kd3 Rc4 44. Ne2 Rc8 45. Nc3+ Ke5 46. Re2+ Kf4
47. Re7 Rd8 48. Kc4 Kxf3 49. Nd5 Bxb5+ 50. Kxb5 Rxd5+ 51. Ka6 f5 52. Rxh7 f4 53.
h4 g4 54. h5 g3 55. h6 Rh5 56. Rxa7 Rxh6+ 57. Kb5 g2 0-1

[Event "46th Sparkassen Open"]
[Site "Dortmund GER"]
[Date "2018.07.15"]
[Round "2.26"]
[White "Seref, Serkan"]
[Black "Wolff, Christoph"]
[Result "0-1"]
[WhiteElo "1871"]
[BlackElo "2026"]
[WhiteFideId "16205561"]
[BlackFideId "4648706"]
[EventDate "2018.07.14"]

1. e4 c5 2. Nf3 d6 3. d4 cxd4 4. Nxd4 Nf6 5. Nc3 a6 6. f4 e6 7. Be2 Qc7 8. a4
Nc6 9. Nb3 Rb8 10. Be3 b6 11. O-O Be7 12. Kh1 O-O 13. Bf3 Na5 14. Nxa5 bxa5 15.
Rb1 Rb4 16. Bd2 Bb7 17. b3 Rc8 18. Rc1 Ba8 19. Re1 Rd4 20. Re3 d5 21. e5 Ne4 22.
Bxe4 dxe4 23. Nb1 Rd7 24. Qe2 Ba3 25. Nxa3 Rxd2 26. Qxa6 Qc5 27. Nc4 Re2 0-1